00503nam a2200145Ia 4500008004100000020001800041041000800059082001700067100004500084245016100129250000600290260003900296300001300335650000900348210716s2017 xx 000 0 und d a9781787121089 aeng a005.132 PRAP aPrakash, PKS;Rao, Achyutuni Sri Krishna. aR deep learning cookbook: solve complex neural net problems with TensorFlow H2O and MXNet.bSolve complex neural net problems with TensorFlow H2O and MXNet. a1 aMumbaibPackt Publishing Ltdc2017 aviii,270 aNone